Influence of plantation crops on soil properties in Tripura (Record no. 47242)

MARC details
000 -LEADER
fixed length control field 00706nam a2200277Ia 4500
100 ## - MAIN ENTRY--AUTHOR NAME
Personal name Eappen T
245 #0 - TITLE STATEMENT
Title Influence of plantation crops on soil properties in Tripura
260 ## - PUBLICATION, DISTRIBUTION, ETC. (IMPRINT)
Name of publisher Natural Rubber Research
Year of publication 2005
300 ## - PHYSICAL DESCRIPTION
Number of Pages 67-80
650 ## - SUBJECT ADDED ENTRY--TOPICAL TERM
Topical Term Eco-system
650 ## - SUBJECT ADDED ENTRY--TOPICAL TERM
Topical Term Eco-system
650 ## - SUBJECT ADDED ENTRY--TOPICAL TERM
Topical Term Rubber growing soil
650 ## - SUBJECT ADDED ENTRY--TOPICAL TERM
Topical Term Rubber growing soil
650 ## - SUBJECT ADDED ENTRY--TOPICAL TERM
Topical Term Soil property
650 ## - SUBJECT ADDED ENTRY--TOPICAL TERM
Topical Term Soil property
650 ## - SUBJECT ADDED ENTRY--TOPICAL TERM
Topical Term Tripura
650 ## - SUBJECT ADDED ENTRY--TOPICAL TERM
Topical Term Tripura
700 ## - ADDED ENTRY--PERSONAL NAME
Personal name Dey S K
700 ## - ADDED ENTRY--PERSONAL NAME
Personal name Karthikakuttyamma M
700 ## - ADDED ENTRY--PERSONAL NAME
Personal name Krishnakumar A K
700 ## - ADDED ENTRY--PERSONAL NAME
Personal name Rao D V K N
700 ## - ADDED ENTRY--PERSONAL NAME
Personal name Sarma A C
700 ## - ADDED ENTRY--PERSONAL NAME
Personal name Varghese Y A
942 ## - ADDED ENTRY ELEMENTS (KOHA)
Koha item type Articles
Holdings
Withdrawn status Lost status Damaged status Not for loan Home library Current library Shelving location Date acquired Serial Enumeration / chronology Koha item type
      Articles RRII Library RRII Library Agronomy 20/12/2021 Volume 18, Issue 1 Articles